Cassette culture : popular music and technology in north India

Αποθηκεύτηκε σε:
Λεπτομέρειες βιβλιογραφικής εγγραφής
Κύριος συγγραφέας: Manuel, Peter Lamarche
Μορφή: Βιβλίο
Γλώσσα:English
Δημοσίευση: Chicago : University of Chicago Press, 1993
Σειρά:Chicago studies in ethnomusicology
Θέματα:
Ετικέτες: Προσθήκη ετικέτας
Δεν υπάρχουν, Καταχωρήστε ετικέτα πρώτοι!

MARC

LEADER 00000nam a2200000 i 4500
001 1/47478
008 070704s1993 eng d
020 |a 0-226-5040-1-8 (pbk.) 
035 |l 10088654 
040 |a GR-MY-UA  |b gre  |e aacr 
041 0 |a eng 
082 0 |a 306.4840954  |2 (22) 
100 1 |a Manuel, Peter Lamarche. 
245 1 0 |a Cassette culture :  |b popular music and technology in north India /  |c Peter Manuel 
260 |a Chicago :   |b University of Chicago Press,   |c 1993 
300 |a xix, 302 σ.;  |b εικ.;  |c 24 εκ. 
490 1 |a Chicago studies in ethnomusicology 
504 |a Περιέχει βιβλιογραφία (σ. 289-296) και ευρετήριο 
650 0 0 |a Popular music  |z India  |x History and criticism. 
650 0 0 |a Sound recording industry  |z India. 
650 0 0 |a Mass media and music. 
650 0 0 |a Music  |x Social aspects. 
650 0 0 |a Audiocassettes. 
830 0 |a Chicago studies in ethnomusicology 
852 |a INST  |b LESVOS  |e 20070704  |h 306.4840954 MAN  |p 005100037917  |q 005100037917  |t BK  |y 0 
901 |a BIBL1-2007-2 
909 |a Λ  |b 135649 
922 |a 1ΕΛΗ  |b 200706  |c ΕΠΕΑΕΚ2/ΤΚΑ  |d ΠΑΠΑΣΩΤΗΡΙΟΥ 
970 |a ΚΑΡΑ  |b ΓΙΑΣΕΜΗ  |z 2007/07/04